| 000 | nam a22 a 4500 | ||
|---|---|---|---|
| 999 |
_c3354 _d3354 |
||
| 003 | AKMAL | ||
| 005 | 20170522121342.0 | ||
| 008 | 170522s1993 my 00 eng d | ||
| 020 |
_a9679784630 (pbk.): _cRM 19.90 |
||
| 040 | _aAKMAL | ||
| 082 | 0 | 4 | _a658.402 ALA |
| 090 |
_a658.402 _bALA |
||
| 100 | 1 |
_aFraser, Alastair _96796 |
|
| 245 | 1 | 2 |
_aA practical guide to team building / _cAlastair Fraser & Suzanne Neville |
| 260 |
_aPetaling Jaya : _bPelanduk Publications , _c1996 |
||
| 300 |
_a86p. : _bill. ; _c22cm |
||
| 504 | _aBibliography: p. 86 | ||
| 650 |
_aWork groups _96704 |
||
| 650 |
_aManagement _xEmployee participation _96797 |
||
| 700 | 1 |
_aNeville, Suzanne _96798 |
|
| 942 |
_2ddc _cBOOK |
||